000 00770na a2200253 4500
001 16010
003 MIRAKIL
005 20181213154810.0
008 161001b tu 000 0
020 _a9786053323969
040 _aMilas
_btur
_cTR-AnCHP
082 _a823.8
_bG62b 2015
090 _a823.8 G62b 2015
100 _aGraves, Robert
245 _aBen, Claudius
_cRobert Graves ; ingilizce aslından çeviren Dost Körpe
260 _aİstanbul
_bTürkiye iş bankası kültür yayınları
_c2015
300 _a510 s.
_bxi, xii, xiii.
_c19 sm.
490 _aModern klasikler dizisi
_v50
500 _aEserin özgün adı: I' Claudius
650 _aİngiliz edebiyatı
_xRoman
657 _aModern klasikler
700 _aKörpe, Dost
942 _2dcc
_cBKS
999 _c1032
_d1032